000 00296 a2200109 4500
001 ART_18425
005 20260410161702.0
008 260409a
245 1 0 _aDeducciones para todos.
100 1 _aGarcía, Fernando
773 0 _tRevista Impuestos
_g- Nº 4 (abr. 2012)
_wREV639
999 _c15230
_d15230